000 00269nam a2200121Ia 4500
008 231129s9999||||xx |||||||||||||| ||spa||
040 _bspa
082 _a712.5 i24j
100 _aIgoa Jose Maria
245 0 _aJardines
264 _aEdiciones Ceac
942 _2ddc
_cBKS
999 _c16081
_d16081